000 00208 a2200097 4500
001 11038
100 _aA. Z. Khan
245 _aHistory and Culture of Sind
260 _a
_bRoyal book
_c
090 _c8604
_d8604
942 _aNUST-CAE
_cM
_c35383
999 _c246111
_d246111